Sports Quiz

Random Sports Quiz
Score 0/33 Timer 10:00
0 Plays Today
Date/Adversaire Joueur % Correct
11-10-1997 - Afrique du SudThierry Henry
98.7%
28-01-1998 - EspagneDavid Trezeguet
97.8%
17-08-1994 - Rép. TchèqueZinedine Zidane
96.9%
22-01-1997 - PortugalIbrahim Ba
96%
31-08-1996 - MexiqueRobert Pirès
95.1%
25-05-1994 - AustralieFabien Barthez
93.7%
25-05-1994 - AustralieChristophe Dugarry
91.9%
11-10-1997 - Afrique du SudStéphane Guivarc'h
91.9%
26-02-1997 - Pays-BasPatrick Vieira
91.5%
17-08-1994 - Rép. TchèqueLilian Thuram
90.1%
22-07-1995 - NorvègeFrank Leboeuf
88.8%
09-10-1996 - TurquieVincent Candela
88.8%
11-10-1997 - Afrique du SudAlain Boghossian
88.8%
22-04-1998 - SuèdeNicolas Anelka
88.3%
28-01-1998 - EspagneBernard Diomède
87%
11-06-1997 - ItalieLionel Charbonnier
85.2%
24-01-1996 - PortugalSabri Lamouchi
76.2%
Date/Adversaire Joueur % Correct
21-02-1996 - GrècePierre Laigle
74.9%
22-07-1995 - NorvègeClaude Makélélé
72.2%
12-11-1997 - EcosseLilian Laslandes
71.3%
29-05-1994 - JaponNicolas Ouédec
70.9%
09-10-1996 - TurquieMartin Djetou
68.6%
11-10-1997 - Afrique du SudLionel Letizi
67.7%
24-01-1996 - PortugalCyrille Pouget
65.9%
31-08-1996 - MexiqueFlorian Maurice
63.2%
15-11-1995 - IsraëlMarc Keller
53.8%
11-10-1995 - RoumanieMickaël Madar
45.3%
09-10-1996 - TurquieAlain Goma
43.9%
17-08-1994 - Rép. TchèqueBruno N'Gotty
43%
09-10-1996 - TurquieFranck Gava
43%
15-02-1994 - ItalieJean-Pierre Cyprien
40.8%
22-03-1994 - ChiliJean-Michel Ferri
39.5%
22-01-1997 - PortugalPatrick Blondeau
27.4%
Remove Ads.
Support Sporcle.
Get the best of Sporcle when you Go Orange. This ad-free experience offers more features, more stats, and more fun while also helping to support Sporcle. Thank you for becoming a member.

You're not logged in!

Compare scores with friends on all Sporcle quizzes.
OR
Log In

Sporcle TV

Today on Sporcle TV


Watch our educational content, quiz creation guides, and fun videos on Sporcle TV.

Show Comments

Extras

Created Sep 21, 2017ReportNominate
Tags:Football Team, France

Top Quizzes Today


Score Distribution

Paid Content

Your Account Isn't Verified!

In order to create a playlist on Sporcle, you need to verify the email address you used during registration. Go to your Sporcle Settings to finish the process.

Report this User

Report this user for behavior that violates our Community Guidelines.

Details: